Țările Oceaniei - quiz pe hartă - Statistics

General Stats
  • This quiz has been taken 2 times
  • The average score is 9 of 16
Answers on the Map
Answers color-coded by a green-red scale on the quiz's map according to % correct below.
 
Answer Stats
Answer % Correct
Australia
100%
Nauru
100%
Noua Zeelandă
100%
Palau
100%
Papua Noua Guinee
100%
Fiji
50%
Insulele Marshall
50%
Insulele Solomon
50%
Kiribati
50%
Noua Caledonie (Franța)
50%
Polinezia Franceză
50%
Statele Federate ale Microneziei
50%
Tuvalu
50%
Samoa
0%
Tonga
0%
Vanuatu
0%
No matching quizzes found
Score Distribution
Percent of People with Each Score
Percentile by Number Answered
Your Score History
You have not taken this quiz